[Event "VIII Weekend"]
[Site "Ventimiglia ITA"]
[Date "2012.11.30"]
[Round "1"]
[White "Arnaudo, Davide"]
[Black "Gorbounova, Natalia"]
[WhiteElo "1693"]
[BlackElo "1419"]
[Result "1-0"]
[PlyCount "93"]
[EventDate "2012.11.30"]

1. e4 e5 2. Nf3 Nc6 3. Bb5 a6 4. Ba4 b5 5. Bb3 Bc5 6. c3 Nf6 7. d4 exd4 8. cxd4
Bb4+ 9. Bd2 Bxd2+ 10. Nbxd2 d6 11. h3 Bb7 12. d5 Ne7 13. O-O O-O 14. a4 Ng6 15.
Nd4 Qd7 16. axb5 axb5 17. Qe2 c6 18. dxc6 Bxc6 19. Rac1 Rac8 20. Rc3 Rfe8 21.
Nxc6 Rxc6 22. Qxb5 Rxc3 23. Qxd7 Nxd7 24. bxc3 Nf4 25. Re1 Nc5 26. Bc2 Nd5 27.
Nc4 Re6 28. Nxd6 Nxc3 29. e5 Nd7 30. f4 h6 31. Bb3 Re7 32. Bxf7+ Kf8 33. Kh2
Nf6 34. Rc1 Rc7 35. exf6 gxf6 36. Ne4 Rxf7 37. Rxc3 f5 38. Ng3 Kg7 39. Rc6 Kh7
40. Ne2 Re7 41. Nd4 Rf7 42. h4 Kg7 43. h5 Rf6 44. Rxf6 Kxf6 45. Kh3 Kg7 46.
Nxf5+ Kh7 47. g4 1-0

[Event "VIII Weekend"]
[Site "Ventimiglia ITA"]
[Date "2012.11.30"]
[Round "1"]
[White "Cai, Roberto"]
[Black "Cardona, Paolo"]
[WhiteElo "1491"]
[BlackElo "1818"]
[Result "1-0"]
[PlyCount "39"]
[EventDate "2012.11.30"]

1. e4 c5 2. Nf3 d6 3. d4 cxd4 4. Nxd4 Nf6 5. Nc3 a6 6. Bg5 Nbd7 7. Bc4 b5 8.
Bd5 Nxd5 9. Nxd5 Bb7 10. O-O Nb6 11. Nxb6 Qxb6 12. Re1 g6 13. a4 Qc5 14. Be3
bxa4 15. Rxa4 Bxe4 16. Nb3 Bxc2 17. Qf3 Qc8 18. Rc4 Qe6 19. Qxa8+ Kd7 20. Qc8#
1-0

[Event "VIII Weekend"]
[Site "Ventimiglia ITA"]
[Date "2012.11.30"]
[Round "1"]
[White "Carrai, Giacomo"]
[Black "Bonino, Silvano"]
[WhiteElo "1832"]
[BlackElo "1505"]
[Result "1-0"]
[PlyCount "101"]
[EventDate "2012.11.30"]

1. d4 d6 2. c4 Nf6 3. Nc3 g6 4. e4 Bg7 5. Nf3 O-O 6. Be2 Bg4 7. Be3 Nc6 8. d5
Bxf3 9. Bxf3 Ne5 10. Be2 c5 11. O-O a6 12. Rb1 Rb8 13. f3 Nfd7 14. f4 Nxc4 15.
Bxc4 Bxc3 16. bxc3 b5 17. Be2 c4 18. Qd2 f6 19. Rb2 Qc7 20. Rd1 Nc5 21. Bxc5
Qxc5+ 22. Qd4 Rfc8 23. Qxc5 Rxc5 24. a4 Kg7 25. Rb4 a5 26. Rxb5 Rbxb5 27. axb5
Rxb5 28. Rd4 a4 29. Bxc4 Ra5 30. Ba2 h5 31. Rb4 g5 32. f5 Rc5 33. c4 Ra5 34.
Kf1 g4 35. g3 Kh6 36. Rb7 Ra6 37. Ke2 h4 38. Ke3 hxg3 39. hxg3 Kg5 40. Kd4 Kh6
41. Kc3 Kg5 42. Rxe7 Rb6 43. Ra7 Rb8 44. Rxa4 Rh8 45. Ra3 Rh1 46. Kb4 Re1 47.
Rb3 Rxe4 48. Bb1 Re1 49. c5 dxc5+ 50. Kxc5 Re5 51. Kc6 1-0

[Event "VIII Weekend"]
[Site "Ventimiglia ITA"]
[Date "2012.11.30"]
[Round "1"]
[White "Lo Dico, Angela"]
[Black "Blengino, Cristiano"]
[WhiteElo "1645"]
[BlackElo "1909"]
[Result "0-1"]
[PlyCount "83"]
[EventDate "2012.11.30"]

1. f4 e5 2. fxe5 d6 3. Nf3 Nc6 4. e4 Nxe5 5. Nc3 Bg4 6. Be2 Nxf3+ 7. Bxf3 Qh4+
8. g3 Bxf3 9. Qxf3 Qh3 10. d3 Nf6 11. Bd2 O-O-O 12. O-O-O Be7 13. Be3 Kb8 14.
Bg5 Rhf8 15. Qf2 Ng4 16. Qf4 Bxg5 17. Qxg5 Nf2 18. Rhf1 Nxd1 19. Rxf7 Nxc3 20.
bxc3 Rxf7 21. Qxd8+ Qc8 22. Qh4 h6 23. Kb2 b6 24. d4 Qf8 25. Qh5 g5 26. h4 gxh4
27. gxh4 Rf4 28. e5 dxe5 29. dxe5 Qf5 30. Qe8+ Qc8 31. Qe7 Qf8 32. Qd7 Rf7 33.
Qc6 Re7 34. Qd5 Qe8 35. e6 Rxe6 36. c4 Re5 37. Qd2 Qc6 38. Qb4 Rc5 39. Kb3 Qf3+
40. Kb2 Qe4 41. Kb3 Qxh4 42. a4 0-1

[Event "VIII Weekend"]
[Site "Ventimiglia ITA"]
[Date "2012.11.30"]
[Round "1"]
[White "Pineau, Jean"]
[Black "Moschetto, Giuliano"]
[WhiteElo "1435"]
[BlackElo "1731"]
[Result "0-1"]
[PlyCount "42"]
[EventDate "2012.11.30"]

1. e4 e5 2. Nf3 Nc6 3. Bb5 Nd4 4. Nxd4 exd4 5. O-O a6 6. Ba4 Bc5 7. d3 Ne7 8.
Qg4 O-O 9. Bb3 d5 10. Qg3 dxe4 11. dxe4 a5 12. a4 Bd7 13. Bg5 Qe8 14. Nd2 c6
15. Nc4 Be6 16. Ba2 Ng6 17. Nd6 Qd7 18. Nc4 b5 19. Ne5 Nxe5 20. Qxe5 Bd6 21.
Qxd4 Bxh2+ 0-1

[Event "VIII Weekend"]
[Site "Ventimiglia ITA"]
[Date "2012.11.30"]
[Round "1"]
[White "Rossetti, Matteo"]
[Black "Ballestra, Giovanni"]
[WhiteElo "1620"]
[BlackElo "1852"]
[Result "1-0"]
[PlyCount "65"]
[EventDate "2012.11.30"]

1. e4 e5 2. Nf3 Nc6 3. Bc4 Nf6 4. Ng5 d5 5. exd5 Na5 6. Bb5+ c6 7. dxc6 bxc6 8.
Be2 h6 9. Nf3 Bd6 10. Nc3 e4 11. Nd4 Bc7 12. Nb3 Nxb3 13. axb3 O-O 14. O-O Qd6
15. g3 Qe6 16. Re1 Qf5 17. Bf1 Qg6 18. d3 Bg4 19. Be2 Qh5 20. Nxe4 Bxe2 21.
Nxf6+ gxf6 22. Qxe2 Qg6 23. Qf3 f5 24. Bd2 h5 25. h4 Kh7 26. Ra6 Bb6 27. Be3
Rae8 28. Kf1 Rxe3 29. Rxe3 Rd8 30. Re5 Rd5 31. Rxd5 cxd5 32. Qxd5 Kg7 33. Ra4
1-0

[Event "VIII Weekend"]
[Site "Ventimiglia ITA"]
[Date "2012.11.30"]
[Round "1"]
[White "Rossi Cassani, Gianni"]
[Black "Galaverni, Marzia"]
[WhiteElo "1750"]
[BlackElo "1481"]
[Result "1-0"]
[PlyCount "37"]
[EventDate "2012.11.30"]

1. e4 b6 2. d4 e6 3. Nc3 Nf6 4. e5 Ng8 5. Bd3 Bb7 6. Be4 Qc8 7. Bxb7 Qxb7 8.
Qf3 c6 9. a3 Ne7 10. Nh3 h6 11. Be3 Nd5 12. Ne4 Qc7 13. c4 Nxe3 14. fxe3 Be7
15. O-O Na6 16. Qxf7+ Kd8 17. Qxg7 Re8 18. Rf7 d6 19. exd6 1-0

[Event "VIII Weekend"]
[Site "Ventimiglia ITA"]
[Date "2012.11.30"]
[Round "1"]
[White "Tortorella, Giancarlo"]
[Black "Benvenuti, Cristian"]
[WhiteElo "1899"]
[BlackElo "1644"]
[Result "1-0"]
[PlyCount "87"]
[EventDate "2012.11.30"]

1. e4 e5 2. Bc4 Nf6 3. d3 Bc5 4. Nf3 Nc6 5. c3 a6 6. Bb3 Ba7 7. h3 d6 8. Nbd2
Ne7 9. Nf1 h6 10. Qe2 Ng6 11. Bd2 Qe7 12. Be3 Bxe3 13. Nxe3 Nf4 14. Qf1 g6 15.
g3 Ne6 16. O-O-O b5 17. Kb1 Bb7 18. Ng2 Nc5 19. Bc2 Qd7 20. Nfh4 a5 21. f4 Nh5
22. fxe5 dxe5 23. Qf2 Qe6 24. Qxc5 Bc6 25. Rhf1 a4 26. g4 Nf6 27. Qf2 Nd7 28.
d4 exd4 29. cxd4 Qe7 30. Qe2 Nb6 31. Nf3 Nc4 32. Nd2 Nxb2 33. Kxb2 Qb4+ 34. Nb3
axb3 35. Bxb3 O-O 36. Nf4 Kg7 37. d5 Bd7 38. Qe3 Rfe8 39. Qd4+ Qxd4+ 40. Rxd4
Re5 41. Nd3 Re7 42. Nc5 Rae8 43. d6 cxd6 44. Rxd6 1-0

[Event "VIII Weekend"]
[Site "Ventimiglia ITA"]
[Date "2012.12.01"]
[Round "2"]
[White "Ballestra, Giovanni"]
[Black "Bonino, Silvano"]
[WhiteElo "1852"]
[BlackElo "1505"]
[Result "0-1"]
[PlyCount "80"]
[EventDate "2012.11.30"]

1. Nf3 d5 2. g3 Nf6 3. Bg2 e6 4. O-O Be7 5. c4 c6 6. b3 O-O 7. Bb2 Nbd7 8. d4
b6 9. Nbd2 Bb7 10. Rc1 Rc8 11. e3 Rc7 12. Rc2 Qb8 13. Qc1 Rfc8 14. c5 bxc5 15.
dxc5 Ba6 16. Re1 Rb7 17. h4 Qc7 18. e4 Bd3 19. Rc3 Bxe4 20. Nxe4 Nxe4 21. Rc2
Nexc5 22. Qd1 Ne4 23. Rxe4 dxe4 24. Ng5 Nf6 25. Nxe4 Rd8 26. Qc1 Nxe4 27. Bxe4
Qd6 28. Bf3 Rb5 29. Rxc6 Qd2 30. Qa1 Rf5 31. Bc1 Qe1+ 32. Kg2 Bc5 33. Qb2 Bd4
34. Qc2 h6 35. Rc8 Rxc8 36. Qxc8+ Kh7 37. Qc2 g6 38. h5 Rc5 39. hxg6+ fxg6 40.
Qd2 Rxc1 0-1

[Event "VIII Weekend"]
[Site "Ventimiglia ITA"]
[Date "2012.12.01"]
[Round "2"]
[White "Benvenuti, Cristian"]
[Black "Stoppa, Omar"]
[WhiteElo "1644"]
[BlackElo "2298"]
[Result "0-1"]
[PlyCount "32"]
[EventDate "2012.11.30"]

1. e4 e6 2. d3 d5 3. Nd2 Nf6 4. Ngf3 Bc5 5. g3 dxe4 6. Ng5 e3 7. fxe3 Bxe3 8.
Nge4 Nc6 9. Qe2 Nd4 10. Qd1 Nxe4 11. Nxe4 Bxc1 12. Qxc1 f5 13. Nc3 O-O 14. Bg2
f4 15. gxf4 Qh4+ 16. Kf1 Rxf4+ 0-1

[Event "VIII Weekend"]
[Site "Ventimiglia ITA"]
[Date "2012.12.01"]
[Round "2"]
[White "Blengino, Cristiano"]
[Black "Arnaudo, Davide"]
[WhiteElo "1909"]
[BlackElo "1693"]
[Result "1/2-1/2"]
[PlyCount "93"]
[EventDate "2012.11.30"]

1. d4 Nf6 2. c4 g6 3. Nc3 d5 4. Bf4 Bg7 5. e3 O-O 6. Rc1 Bf5 7. Qb3 dxc4 8.
Qxb7 Nbd7 9. Bxc7 Qc8 10. Qxc8 Rfxc8 11. Bg3 Nb6 12. Nf3 Ne4 13. Nxe4 Bxe4 14.
Be2 Na4 15. O-O Nxb2 16. Rc3 Bd3 17. Bxd3 Nxd3 18. Nd2 Nb4 19. a3 Nd5 20. Rxc4
Rxc4 21. Nxc4 Rc8 22. Ne5 Bxe5 23. Bxe5 f6 24. Bg3 Rc3 25. Ra1 Nb6 26. Kf1 Nc4
27. a4 Nd2+ 28. Ke1 Ne4 29. Ke2 Rb3 30. a5 Rb2+ 31. Ke1 Nxg3 32. hxg3 Kf7 33.
Rc1 Rb5 34. Ra1 a6 35. Ke2 Rb2+ 36. Kf3 Rb5 37. g4 e5 38. dxe5 Rxe5 39. e4 g5
40. Ke3 Kg6 41. g3 h5 42. gxh5+ Kxh5 43. f4 gxf4+ 44. Kxf4 Rb5 45. g4+ Kg6 46.
Ra2 Rc5 47. Ra4 1/2-1/2

[Event "VIII Weekend"]
[Site "Ventimiglia ITA"]
[Date "2012.12.01"]
[Round "2"]
[White "Cai, Roberto"]
[Black "Rossi Cassani, Gianni"]
[WhiteElo "1491"]
[BlackElo "1750"]
[Result "0-1"]
[PlyCount "76"]
[EventDate "2012.11.30"]

1. e4 c5 2. Nf3 Nf6 3. e5 Nd5 4. d4 cxd4 5. Qxd4 e6 6. Bc4 Nc6 7. Qe4 Nb6 8.
Bb3 d5 9. exd6 Bxd6 10. Nc3 a6 11. a3 Nd7 12. Ba2 Nf6 13. Qe2 h6 14. Ne4 Be7
15. O-O O-O 16. Nxf6+ Bxf6 17. c3 b5 18. Be3 Bb7 19. Rad1 Qc7 20. Bb1 Ne7 21.
Rd2 Rfd8 22. Rfd1 Nd5 23. Bd4 Nf4 24. Qe3 Bxd4 25. Rxd4 Rxd4 26. Rxd4 Nd5 27.
Qe1 Rd8 28. Be4 f5 29. Bxd5 Bxd5 30. Ne5 Bb3 31. Rxd8+ Qxd8 32. Nc6 Qg5 33. Ne5
Bd5 34. f3 Qe7 35. Ng6 Qg5 36. Ne5 Kh7 37. Qf2 Qc1+ 38. Qf1 Qe3+ 0-1

[Event "VIII Weekend"]
[Site "Ventimiglia ITA"]
[Date "2012.12.01"]
[Round "2"]
[White "Cardona, Paolo"]
[Black "Pineau, Jean"]
[WhiteElo "1818"]
[BlackElo "1435"]
[Result "1-0"]
[PlyCount "47"]
[EventDate "2012.11.30"]

1. c4 e5 2. Nc3 d6 3. g3 g6 4. Bg2 Bg7 5. Nf3 Be6 6. d3 Ne7 7. O-O Qc8 8. Ng5
Bd7 9. Rb1 f6 10. Nf3 Bh3 11. d4 Nbc6 12. d5 e4 13. dxc6 exf3 14. cxb7 Qd7 15.
bxa8=Q+ Kf7 16. Qxf3 Bg4 17. Qfd3 Bf5 18. e4 Bg4 19. f3 Bh3 20. Nd5 h5 21. Nxe7
Kxe7 22. e5 h4 23. exd6+ Qxd6 24. Qxd6+ 1-0

[Event "VIII Weekend"]
[Site "Ventimiglia ITA"]
[Date "2012.12.01"]
[Round "2"]
[White "Galaverni, Marzia"]
[Black "Lo Dico, Angela"]
[WhiteElo "1481"]
[BlackElo "1645"]
[Result "1-0"]
[PlyCount "65"]
[EventDate "2012.11.30"]

1. b3 d6 2. c4 Nf6 3. Bb2 e5 4. h3 Nc6 5. Nf3 Be7 6. e3 e4 7. Nd4 Nxd4 8. Bxd4
O-O 9. Be2 Nd7 10. O-O c5 11. Bb2 f5 12. Nc3 Bf6 13. Rb1 Rf7 14. Nb5 Bxb2 15.
Rxb2 Ne5 16. d4 exd3 17. Bxd3 a6 18. Nc3 Bd7 19. Be2 Bc6 20. Nd5 Bxd5 21. Qxd5
Qf6 22. Rbb1 a5 23. Bh5 g6 24. Be2 Kg7 25. f4 Nc6 26. a3 Re8 27. Qd2 Rfe7 28.
Rf3 Nd4 29. exd4 Rxe2 30. Qxa5 Qxd4+ 31. Kh2 Qe4 32. Rbf1 Qc2 33. Qc3+ 1-0

[Event "VIII Weekend"]
[Site "Ventimiglia ITA"]
[Date "2012.12.01"]
[Round "2"]
[White "Moschetto, Giuliano"]
[Black "Tortorella, Giancarlo"]
[WhiteElo "1731"]
[BlackElo "1899"]
[Result "1/2-1/2"]
[PlyCount "82"]
[EventDate "2012.11.30"]

1. d4 Nf6 2. Bf4 e6 3. Nf3 c5 4. e3 Qb6 5. b3 Nd5 6. Bg3 cxd4 7. Qxd4 Qa5+ 8.
c3 Nc6 9. Qd3 Be7 10. Be2 Bf6 11. Nd4 Nxd4 12. exd4 O-O 13. O-O a6 14. Bf3 g6
15. b4 Qb6 16. Bxd5 exd5 17. Nd2 d6 18. Qf3 Bg7 19. Qxd5 Rd8 20. Nc4 Qa7 21.
Qf3 Bf8 22. Qf6 Be6 23. Ne3 Bg7 24. Qf3 d5 25. Bh4 Rd7 26. Bf6 Rc8 27. Bxg7
Kxg7 28. Rac1 b5 29. Ng4 Bxg4 30. Qxg4 Rdc7 31. Qf3 Qb7 32. Rfe1 Rc4 33. h3 Qd7
34. a3 Qb7 35. Qd3 Qc7 36. Re3 Qf4 37. g3 Qh6 38. Kg2 Qg5 39. Rc2 Qf6 40. Re5
Qc6 41. Re3 Qf6 1/2-1/2

[Event "VIII Weekend"]
[Site "Ventimiglia ITA"]
[Date "2012.12.01"]
[Round "2"]
[White "Rossetti, Matteo"]
[Black "Carrai, Giacomo"]
[WhiteElo "1620"]
[BlackElo "1832"]
[Result "1-0"]
[PlyCount "97"]
[EventDate "2012.11.30"]

1. e4 c5 2. c3 Nf6 3. e5 Nd5 4. d4 e6 5. Nf3 cxd4 6. cxd4 Nc6 7. Bc4 Nb6 8. Bb3
d6 9. O-O dxe5 10. dxe5 Qxd1 11. Rxd1 Be7 12. Nc3 O-O 13. Be3 Nd7 14. Bf4 Nc5
15. Bc4 a6 16. a3 b5 17. Ba2 b4 18. axb4 Nxb4 19. Bc4 Bb7 20. Nd4 Rfd8 21. Rd2
Nd5 22. Bxd5 Bxd5 23. Nxd5 Rxd5 24. Rad1 Kf8 25. Nc6 Rxd2 26. Rxd2 Ke8 27. Be3
Nd7 28. f4 Rc8 29. Nd4 Bb4 30. Rc2 Rxc2 31. Nxc2 Bc5 32. Kf2 h5 33. Ke2 Kd8 34.
Kd3 Kc7 35. Kc4 Kc6 36. Bxc5 Nxc5 37. Nd4+ Kb6 38. Nf3 f6 39. Nd4 a5 40. exf6
gxf6 41. g3 e5 42. fxe5 fxe5 43. Nf5 Kc6 44. Ng7 h4 45. gxh4 Ne4 46. h5 Nf6 47.
h6 e4 48. Kd4 Kd6 49. Ne8+ 1-0

[Event "VIII Weekend"]
[Site "Ventimiglia ITA"]
[Date "2012.12.01"]
[Round "3"]
[White "Arnaudo, Davide"]
[Black "Moschetto, Giuliano"]
[WhiteElo "1693"]
[BlackElo "1731"]
[Result "1/2-1/2"]
[PlyCount "107"]
[EventDate "2012.11.30"]

1. e4 e5 2. Nf3 Nc6 3. Bb5 Nd4 4. Nxd4 exd4 5. d3 Bc5 6. c3 a6 7. Ba4 b5 8. Bc2
dxc3 9. Nxc3 Ne7 10. d4 Ba7 11. Bg5 Bb7 12. Qd2 O-O 13. O-O-O Rc8 14. f3 f6 15.
Bh4 Nc6 16. Ne2 Bb6 17. a3 Na5 18. Qd3 Qe8 19. e5 Qh5 20. Bg3 c5 21. exf6 c4
22. Qf5 Qxf5 23. Bxf5 Rxf6 24. Bxd7 Rd8 25. Bg4 Nb3+ 26. Kb1 Re8 27. Be5 Rf7
28. Nc3 Na5 29. Bg3 Nb3 30. d5 Bc8 31. Bxc8 Rxc8 32. Ne4 Rd7 33. Nc3 Nc5 34.
Ne2 Re8 35. Nc1 Ba5 36. Ka2 Kf7 37. b4 cxb3+ 38. Nxb3 Nxb3 39. Kxb3 Re3+ 40.
Ka2 Re2+ 41. Kb1 Rxg2 42. Rhf1 Bc3 43. Rf2 Rxf2 44. Bxf2 Be5 45. Bg3 Bxg3 46.
hxg3 Ke7 47. Rd4 Kf7 48. Rd1 Kf6 49. f4 Kf5 50. Rd4 h5 51. Kc2 Rd6 52. Kd3 g6
53. Ke3 a5 54. Kf3 1/2-1/2

[Event "VIII Weekend"]
[Site "Ventimiglia ITA"]
[Date "2012.12.01"]
[Round "3"]
[White "Bonino, Silvano"]
[Black "Benvenuti, Cristian"]
[WhiteElo "1505"]
[BlackElo "1644"]
[Result "1/2-1/2"]
[PlyCount "114"]
[EventDate "2012.11.30"]

1. d4 f5 2. Bf4 Nf6 3. e3 g6 4. Bc4 d6 5. h3 Nc6 6. Nf3 Bg7 7. Nbd2 d5 8. Bb5
a6 9. Bxc6+ bxc6 10. Ne5 Bb7 11. Nb3 Nd7 12. Nxd7 Qxd7 13. Nc5 Qc8 14. O-O O-O
15. b4 a5 16. a3 Re8 17. c3 Ba6 18. Nxa6 Rxa6 19. Qd3 Ra8 20. Rfc1 e5 21. Bh2
Qe6 22. dxe5 Bxe5 23. Bxe5 Qxe5 24. Qd4 Qxd4 25. cxd4 Re6 26. bxa5 Rxa5 27. Rc3
Kf7 28. Rac1 Ra6 29. Rb1 Rb6 30. Rcb3 Rxb3 31. Rxb3 Re7 32. Rb8 Re8 33. Rxe8
Kxe8 34. Kf1 Kd8 35. Ke2 Kc8 36. Kd2 Kb7 37. Kc3 Kb6 38. Kb4 h6 39. f4 h5 40.
a4 h4 41. a5+ Ka6 42. Kc5 Kxa5 43. Kxc6 Kb4 44. Kxd5 Kc3 45. e4 c6+ 46. Ke5 Kd3
47. exf5 gxf5 48. Kxf5 Kxd4 49. Kg6 c5 50. f5 c4 51. f6 c3 52. f7 c2 53. f8=Q
c1=Q 54. Qd8+ Ke5 55. Qxh4 Qc6+ 56. Kg5 Qf6+ 57. Kg4 Qf4+ 1/2-1/2

[Event "VIII Weekend"]
[Site "Ventimiglia ITA"]
[Date "2012.12.01"]
[Round "3"]
[White "Carrai, Giacomo"]
[Black "Galaverni, Marzia"]
[WhiteElo "1832"]
[BlackElo "1481"]
[Result "1-0"]
[PlyCount "73"]
[EventDate "2012.11.30"]

1. d4 b6 2. c4 e6 3. e4 Bb7 4. d5 Qf6 5. Nf3 h6 6. Nc3 Bb4 7. Bd2 Bc5 8. Bd3 e5
9. O-O Qe7 10. a3 Nf6 11. Nb5 Qd8 12. Nxe5 a6 13. Nc3 Qe7 14. Nf3 O-O 15. b4
Bd6 16. Qc2 Be5 17. Rae1 Bc8 18. Nxe5 Qxe5 19. f4 Qe7 20. e5 Ne8 21. f5 f6 22.
e6 dxe6 23. dxe6 c6 24. Ne2 a5 25. Nf4 c5 26. b5 Qd6 27. Ng6 Bb7 28. Nxf8 Kxf8
29. Bc3 Qe7 30. a4 Ra7 31. Qe2 Nd6 32. Qh5 Ba8 33. Rf4 Qb7 34. e7+ Kg8 35.
e8=Q+ Nxe8 36. Rxe8+ Kh7 37. Qg6# 1-0

[Event "VIII Weekend"]
[Site "Ventimiglia ITA"]
[Date "2012.12.01"]
[Round "3"]
[White "Gorbounova, Natalia"]
[Black "Cardona, Paolo"]
[WhiteElo "1419"]
[BlackElo "1818"]
[Result "0-1"]
[PlyCount "182"]
[EventDate "2012.11.30"]

1. e4 e5 2. Nf3 d6 3. d3 Nf6 4. Bg5 Be7 5. Nc3 c6 6. Qd2 Nbd7 7. Ne2 O-O 8. Ng3
Re8 9. Nf5 Bf8 10. h4 d5 11. h5 Qb6 12. O-O-O dxe4 13. dxe4 Nxe4 14. Qe3 Nxf2
15. Qxb6 axb6 16. Be2 Nxh1 17. Rxh1 e4 18. N3h4 h6 19. Be3 Nc5 20. g4 Be6 21.
a3 Nd7 22. Bd4 c5 23. Bc3 c4 24. Rg1 f6 25. Ng6 Bf7 26. Nxf8 Rxf8 27. Nd6 b5
28. Nxb5 Nb6 29. Bb4 Rfd8 30. Bc5 Nc8 31. Nc3 Re8 32. Bf1 Ra5 33. Bb4 Rg5 34.
Bh3 Nb6 35. Re1 Rge5 36. Bg2 Nc8 37. Re3 f5 38. gxf5 Rxf5 39. Rxe4 b5 40. Rxe8+
Bxe8 41. Bh3 Rxh5 42. Bxc8 g5 43. Nd5 Kf7 44. Bg4 Rh4 45. Ne3 Bc6 46. Nf5 Rh1+
47. Kd2 h5 48. Nd4 Be8 49. Be6+ Kf6 50. Bd5 Rh2+ 51. Ke1 g4 52. Bc3 Ke7 53.
Nf5+ Kd7 54. Be5 Rxc2 55. Nh4 Ke7 56. Be4 Rc1+ 57. Kf2 Ke6 58. Bf4 Rd1 59. Bc2
Rh1 60. Bg3 Rc1 61. Bf5+ Kf6 62. Be4 c3 63. bxc3 Rxc3 64. Bd6 Ke6 65. Bb4 Rh3
66. Ng2 Ke5 67. Bb7 Bd7 68. Ne1 Kd4 69. Kg2 Rb3 70. Be7 Bf5 71. Bc6 Be4+ 72.
Bxe4 Kxe4 73. Bd6 h4 74. Kh2 Rb2+ 75. Kg1 h3 76. Kf1 h2 77. Bxh2 Rxh2 78. Ng2
Rxg2 79. Kxg2 Kf4 80. Kf2 g3+ 81. Kg2 Kg4 82. Kg1 Kf3 83. Kh1 Ke2 84. Kg2 Kd3
85. Kxg3 Kc3 86. Kf2 Kb3 87. Ke2 Kxa3 88. Kd1 Kb2 89. Kd2 b4 90. Kd1 b3 91. Kd2
Ka1 0-1

[Event "VIII Weekend"]
[Site "Ventimiglia ITA"]
[Date "2012.12.01"]
[Round "3"]
[White "Lo Dico, Angela"]
[Black "Ballestra, Giovanni"]
[WhiteElo "1645"]
[BlackElo "1852"]
[Result "0-1"]
[PlyCount "74"]
[EventDate "2012.11.30"]

1. f4 e5 2. fxe5 d6 3. Nf3 Bg4 4. e4 dxe5 5. Be2 Bxf3 6. Bxf3 Nc6 7. O-O Bd6 8.
Nc3 Nge7 9. d3 O-O 10. Bg5 f6 11. Bh4 Bc5+ 12. Bf2 Bxf2+ 13. Rxf2 Nd4 14. g3 c6
15. Rb1 b5 16. a3 a5 17. Qd2 b4 18. axb4 axb4 19. Nd1 Qb6 20. Ne3 f5 21. Kg2
Nxf3 22. Rxf3 f4 23. Nc4 Qb8 24. Rbf1 g5 25. h3 Ng6 26. d4 Rd8 27. d5 cxd5 28.
exd5 e4 29. Rb3 Qb5 30. Rxb4 Qxd5 31. Qxd5+ Rxd5 32. gxf4 gxf4 33. Rf2 e3 34.
Re2 Re8 35. Nb6 Rg5+ 36. Kf1 f3 37. Rh2 e2+ 0-1

[Event "VIII Weekend"]
[Site "Ventimiglia ITA"]
[Date "2012.12.01"]
[Round "3"]
[White "Rossi Cassani, Gianni"]
[Black "Rossetti, Matteo"]
[WhiteElo "1750"]
[BlackElo "1620"]
[Result "1/2-1/2"]
[PlyCount "50"]
[EventDate "2012.11.30"]

1. e4 d6 2. d4 Nf6 3. Nc3 g6 4. Be2 Bg7 5. h4 h5 6. Nf3 Bg4 7. Ng5 Bxe2 8. Qxe2
Nc6 9. Be3 Qd7 10. O-O-O e6 11. f3 O-O-O 12. Qb5 d5 13. e5 Nh7 14. Na4 Nb8 15.
Qxd7+ Rxd7 16. Nxh7 Rxh7 17. Bg5 Bh6 18. Bxh6 Rxh6 19. Nc5 Rd8 20. Nd3 Nc6 21.
Nf2 Ne7 22. Nh3 Rhh8 23. Ng5 Rdf8 24. g4 Kd7 25. Rde1 Nc6 1/2-1/2

[Event "VIII Weekend"]
[Site "Ventimiglia ITA"]
[Date "2012.12.01"]
[Round "3"]
[White "Stoppa, Omar"]
[Black "Cai, Roberto"]
[WhiteElo "2298"]
[BlackElo "1491"]
[Result "1-0"]
[PlyCount "43"]
[EventDate "2012.11.30"]

1. e4 e5 2. Nf3 Nc6 3. Nc3 Nf6 4. d4 exd4 5. Nxd4 Bb4 6. Nxc6 bxc6 7. Bd3 d5 8.
exd5 cxd5 9. O-O O-O 10. Bg5 c6 11. Qf3 Be7 12. h3 Rb8 13. b3 h6 14. Bd2 Bd6
15. Rfe1 Be6 16. Ne2 Re8 17. Nd4 Bd7 18. Rxe8+ Bxe8 19. Nf5 Bf8 20. Bc3 Kh8 21.
Be5 Rb7 22. Nxh6 1-0

[Event "VIII Weekend"]
[Site "Ventimiglia ITA"]
[Date "2012.12.01"]
[Round "3"]
[White "Tortorella, Giancarlo"]
[Black "Blengino, Cristiano"]
[WhiteElo "1899"]
[BlackElo "1909"]
[Result "0-1"]
[PlyCount "86"]
[EventDate "2012.11.30"]

1. e4 Nf6 2. e5 Nd5 3. c4 Nb6 4. d4 d6 5. exd6 exd6 6. h3 Nc6 7. Nf3 Bf5 8. Nc3
Be7 9. Be3 O-O 10. Be2 Bf6 11. O-O Re8 12. Rc1 h6 13. Kh2 d5 14. c5 Nc8 15. a3
N8e7 16. g4 Be4 17. g5 hxg5 18. Nxg5 Nf5 19. Ngxe4 dxe4 20. d5 Nxe3 21. fxe3
Bxc3 22. Rxc3 Ne5 23. Qb3 c6 24. d6 b6 25. cxb6 Qxd6 26. Kh1 axb6 27. Qxb6 Rab8
28. Qd4 Qxd4 29. exd4 Rxb2 30. dxe5 Rxe2 31. Rxc6 Re3 32. Rc7 Rxe5 33. Rfxf7
Rg5 34. Kh2 Rxa3 35. Rfe7 e3 36. Rc8+ Kh7 37. Rce8 Ra2+ 38. Kh1 Rf5 39. Kg1
Ra1+ 40. Kg2 Rf2+ 41. Kg3 Rg1+ 42. Kh4 Rf4+ 43. Kh5 e2 0-1

[Event "VIII Weekend"]
[Site "Ventimiglia ITA"]
[Date "2012.12.02"]
[Round "4"]
[White "Ballestra, Giovanni"]
[Black "Gorbounova, Natalia"]
[WhiteElo "1852"]
[BlackElo "1419"]
[Result "1/2-1/2"]
[PlyCount "47"]
[EventDate "2012.11.30"]

1. Nf3 Nf6 2. g3 g6 3. Bg2 d5 4. O-O Bg7 5. c4 c6 6. cxd5 cxd5 7. Nc3 O-O 8.
Nxd5 Nxd5 9. d3 Nc6 10. a3 a5 11. Rb1 b5 12. b4 a4 13. Be3 Rb8 14. Bc5 Re8 15.
Qc2 Bb7 16. d4 e5 17. dxe5 Nxe5 18. Nxe5 Bxe5 19. Rbd1 Qf6 20. e3 Red8 21. Bd4
Rbc8 22. Bxe5 Qxe5 23. Qd3 Bc6 24. Rc1 1/2-1/2

[Event "VIII Weekend"]
[Site "Ventimiglia ITA"]
[Date "2012.12.02"]
[Round "4"]
[White "Blengino, Cristiano"]
[Black "Rossi Cassani, Gianni"]
[WhiteElo "1909"]
[BlackElo "1750"]
[Result "1-0"]
[PlyCount "191"]
[EventDate "2012.11.30"]

1. d4 Nf6 2. c4 a6 3. Nc3 c5 4. d5 b5 5. cxb5 axb5 6. Nxb5 Qa5+ 7. Nc3 Bb7 8.
Nf3 Nxd5 9. Bd2 Nxc3 10. Bxc3 Qb6 11. e3 d6 12. Be2 Nd7 13. O-O Nf6 14. Nd2 Nd5
15. Nc4 Nxc3 16. Nxb6 Nxd1 17. Nxa8 Nxe3 18. Bb5+ Kd8 19. fxe3 Bxa8 20. Rxf7
Bd5 21. Rf2 g6 22. b3 Bh6 23. Re2 Kc7 24. Bc4 Be4 25. Rd1 Bf5 26. h3 Bg7 27. a4
Bc3 28. Ra2 Ba5 29. g4 Bd7 30. Kg2 h5 31. Kg3 hxg4 32. hxg4 Bc3 33. Rg2 g5 34.
Bd5 Rh4 35. Bf3 Be6 36. Rb1 Kb6 37. Kf2 Ka5 38. Ke2 Kb4 39. Kd3 Be5 40. Bd1 Bd5
41. Rf2 Bf6 42. Ra2 Ka5 43. Rf2 Rh1 44. Bc2 Rxb1 45. Bxb1 Bxb3 46. Bc2 c4+ 47.
Kd2 Kxa4 48. e4 Bxc2 49. Kxc2 c3 50. Rf3 Kb4 51. Re3 Be5 52. Re1 Kc5 53. Kb3
Bd4 54. Rf1 Bf6 55. Rd1 Bd4 56. Rf1 Be3 57. Kxc3 Bf4 58. Kd3 d5 59. Ra1 dxe4+
60. Kxe4 Kd6 61. Ra6+ Kd7 62. Kd5 Be3 63. Re6 Bf4 64. Rb6 Kc7 65. Ra6 e5 66.
Ra7+ Kb6 67. Ra2 Kb5 68. Rb2+ Ka4 69. Kc4 Ka5 70. Kd5 Ka4 71. Re2 Kb4 72. Re4+
Kb5 73. Rxe5 Kb6 74. Re7 Bd2 75. Re2 Bf4 76. Rc2 Be3 77. Kd6 Kb5 78. Kd5 Kb4
79. Ke4 Bf4 80. Kd4 Kb5 81. Ke4 Kb4 82. Rf2 Bg3 83. Rf8 Kc5 84. Kf5 Bf4 85. Rd8
Kc6 86. Rd4 Be3 87. Rd3 Bf4 88. Ke6 Kc5 89. Rd8 Bg3 90. Rg8 Bh4 91. Kf5 Kd6 92.
Rxg5 Bxg5 93. Kxg5 Ke7 94. Kg6 Kf8 95. Kh7 Kf7 96. g5 1-0

[Event "VIII Weekend"]
[Site "Ventimiglia ITA"]
[Date "2012.12.02"]
[Round "4"]
[White "Bonino, Silvano"]
[Black "Tortorella, Giancarlo"]
[WhiteElo "1505"]
[BlackElo "1899"]
[Result "0-1"]
[PlyCount "94"]
[EventDate "2012.11.30"]

1. d4 Nf6 2. Bf4 e6 3. e3 c5 4. c3 Qb6 5. Qb3 d5 6. Nd2 c4 7. Qxb6 axb6 8. Be2
Nc6 9. Ngf3 b5 10. O-O b4 11. Rfb1 h6 12. Ne5 Nxe5 13. Bxe5 Nd7 14. Bg3 g6 15.
cxb4 Bxb4 16. Nf3 c3 17. a3 cxb2 18. Rxb2 Bc3 19. Rba2 Bxa1 20. Rxa1 Ke7 21.
Bb5 Nf6 22. Nd2 Bd7 23. Bxd7 Nxd7 24. a4 Rhc8 25. Nb3 Rc3 26. Nd2 Nb6 27. a5
Nc4 28. Nxc4 Rxc4 29. Kf1 b5 30. a6 Ra4 31. Rb1 b4 32. Bc7 R8xa6 33. Rb3 Rc6
34. Bf4 g5 35. Bg3 Rc3 36. Rb1 b3 37. f4 Ra2 38. Be1 Rxe3 39. fxg5 hxg5 40. Bf2
Rd3 41. Be1 b2 42. Ke2 Rb3 43. Kd2 Ra1 44. Kc2 Rxb1 45. Kxb1 Rd3 46. Bf2 Rd2
47. Be3 Rxg2 0-1